• 首页
  • 本馆介绍
  • 公告通知
  • 最新文献
  • 馆藏检索
  • 电子资源
  • 读者导购
  • 参考咨询
  • 我的图书馆
  • 登录
  • 详细信息显示
  • 放入我的书架
  • 预约/预借图书
  • 作者相关作品
  • 分类相关作品
  • 丛书相关作品
  • 出版社相关作品

书目信息

  • 表格格式
  • 工作单格式
  • 卡片格式
题名:
金属学
    
 
作者: 钱苗根 , 胡赓祥 主编
分册:  
出版信息: 上海   上海科学技术出版社  1980
页数: 373页
开本: 25cm
丛书名:
单 册:
中图分类: TG11
科图分类:
主题词: 金属学 , 金属学 , 物理冶金学
电子资源:
ISBN:
000 00699nam0 2200277 45 960
001 0639082328
002 0195051467
005 20060815145300.43
010    @dCNY2.25
091    @a15119.2110
100    @a19950706d1980 kg y0chiy0121 ea
101 0  @achi
102    @aCN@b310000
105    @ay z 000yy
106    @ar
200 10 @a金属学@f胡赓祥,钱苗根主编@Ajin shu xue
210    @a上海@c上海科学技术出版社@d1980
215    @a373页@d25cm
606    @a金属学
606 0  @a金属学
606 0  @a物理冶金学
690    @aTG11@v3
701  0 @a钱苗根@4主编@AQian, Miaogen
701  0 @a胡赓祥@4主编@Ahu geng xiang
801  0 @aCN@b上海图书馆 @c20060815
905    @a10447@dTG11@e33
    
    金属学/胡赓祥,钱苗根主编.-上海:上海科学技术出版社,1980
    373页;25cm
    
    
    ISBN :CNY2.25
    
●
相关链接 在E读中查询图书 在五车中查询图书 在当当中查询图书 在豆瓣中查询图书


正题名:金属学     索取号:TG11/33         预约/预借

序号 登录号 条形码 馆藏地/架位号 状态 备注
1 0458458   204584583   密集书库/ [索取号:TG11/33] 在馆    
唐山师范学院图书馆 欢迎您!
大连网信软件有限公司© 版权所有